000 01329cam a22003614i 4500
003 PE-LiUPU
005 20250731183415.0
008 150623s1972 fr a r 000 0 eng d
035 _a(Sirsi) a25964
040 _aPE-LiUPU
_bspa
_cPE-LiUPU
_erda
049 _aPRUA
082 0 4 _a781
_bB84
_221
100 1 _aBrown, James Murray,
_eautor.
245 1 2 _aA handbook of musical knowledge /
_cJames Murray Brown.
264 1 _aMandeville Place :
_bTrinity College of Music,
_c1972.
300 _a53 páginas :
_bilustraciones ;
_c21 centímetros
336 _atext
_2rdacontent
337 _aunmediated
_2rdamedia
338 _avolume
_2rdacarrier
500 _aContiene: partituras musicales.
505 0 _aA handbook of musical knowledge -- Rudiments of music.
526 _aP158
526 _aP146
526 _aP17
526 _aP12
526 _aP06
650 1 4 _aMúsica
_xFundamentos
_vManuales.
942 _2ddc
_cBOOK
949 _a781 B84
_wDEWEY
_c1
_i51235
_lCCODEBUL1
_mBUL
_p2.00
_r0
_sY
_tBOOK
_u2015-06-24
_xTEOLOGIA
_PP35
_0COMPRA
_o.STAFF. Colección General
596 _a1
999 _a781 B84
_wDEWEY
_c32943
_i51235
_f2021-11-11
_g5
_lCCODEBUL1
_mBUL
_p2.00
_r0
_sY
_tBOOK
_u2015-6-24
_xTEOLOGIA
_PP35
_0COMPRA
_o.STAFF. Colección Teología
_d32943
980 _81
_gALBERTO SANCHEZ Responsable de Automatización